| 000 | 00617cam a2200193 i 4500 | ||
|---|---|---|---|
| 001 | 37146 | ||
| 005 | 20230410101949.0 | ||
| 008 | 070327b2006 dr o 000 0 spa | ||
| 041 | 0 | _aspa | |
| 050 | 1 | 4 |
_a118 F 1938.55 _bT231d 2006 |
| 082 | 0 | 0 |
_a972.93/054 _219 |
| 100 | 1 |
_aTavárez Justo, Manolo, _d1931-1963. |
|
| 245 | 0 | 0 |
_aDiscursos políticos 1961-1963 / _cManolo Tavárez Justo |
| 260 |
_aSanto Domingo : _bFundación Manolo Tavárez, _c2006 |
||
| 300 | _a183 p. | ||
| 651 | 0 |
_aDominican Republic _xPolitics and government _y1961- |
|
| 610 | 2 | 0 | _a14 de Junio (Organization : Dominican Republic) |
| 942 |
_2lcc _cbk |
||
| 999 |
_c16508 _d16508 |
||